• 首页
  • 本馆介绍
  • 公告通知
  • 最新文献
  • 馆藏检索
  • 电子资源
  • 读者导购
  • 参考咨询
  • 我的图书馆
  • 登录
  • 详细信息显示
  • 放入我的书架
  • 预约/预借图书
  • 作者相关作品
  • 分类相关作品
  • 丛书相关作品
  • 出版社相关作品

书目信息

  • 表格格式
  • 工作单格式
  • 卡片格式
题名:
行政执法效能的程序保障机制研究
    
 
作者: 王亚利 著
分册:  
出版信息: 北京   中国政法大学出版社  2021.08
页数: 301页
开本: 23cm
丛书名:
单 册:
中图分类: D922.114
科图分类:
主题词:
电子资源:
ISBN: 978-7-5764-0025-0
000 00570nam0 2200169 45
001 2357859391
005 20230907160534.86
010    @a978-7-5764-0025-0@b精装@dCNY66.00
100    @a20211115d2021 km y0chiy0120 ea
101 0  @achi
200 1  @a行政执法效能的程序保障机制研究@AXing Zheng Zhi Fa Xiao Neng De Cheng Xu Bao Zhang Ji Zhi Yan Jiu@f王亚利著@FWang Ya Li Zhu
210    @a北京@c中国政法大学出版社@d2021.08
215    @a301页@d23cm
690    @aD922.114@v4
701  0 @a王亚利@AWang Ya Li@4著
801  0 @aCN@bPFT@c20211115
905    @a10447@b7514094@dD922.114@e2328@f1
    
    行政执法效能的程序保障机制研究/王亚利著.-北京:中国政法大学出版社,2021.08
    301页;23cm
    
    
    ISBN 978-7-5764-0025-0(精装):CNY66.00
    
●
相关链接 在E读中查询图书 在五车中查询图书 在当当中查询图书 在豆瓣中查询图书


正题名:行政执法效能的程序保障机制研究     索取号:D922.114/2328         预约/预借

序号 登录号 条形码 馆藏地/架位号 状态 备注
1 1052960   210529604   第一样本阅览室/ [索取号:D922.114/2328] 在馆    
唐山师范学院图书馆 欢迎您!
大连网信软件有限公司© 版权所有